<?xml version="1.0" encoding="UTF-8"?><?xml-stylesheet type="text/xsl" href="static/style.xsl"?><OAI-PMH xmlns="http://www.openarchives.org/OAI/2.0/" xmlns:xsi="http://www.w3.org/2001/XMLSchema-instance" xsi:schemaLocation="http://www.openarchives.org/OAI/2.0/ http://www.openarchives.org/OAI/2.0/OAI-PMH.xsd"><responseDate>2026-04-13T07:05:29Z</responseDate><request verb="GetRecord" identifier="oai:www.recercat.cat:20.500.14342/2177" metadataPrefix="marc">https://recercat.cat/oai/request</request><GetRecord><record><header><identifier>oai:recercat.cat:20.500.14342/2177</identifier><datestamp>2026-01-22T00:29:53Z</datestamp><setSpec>com_2072_482405</setSpec><setSpec>com_2072_183628</setSpec><setSpec>col_2072_482411</setSpec></header><metadata><record xmlns="http://www.loc.gov/MARC21/slim" xmlns:dcterms="http://purl.org/dc/terms/" xmlns:xsi="http://www.w3.org/2001/XMLSchema-instance" xmlns:doc="http://www.lyncode.com/xoai" xsi:schemaLocation="http://www.loc.gov/MARC21/slim http://www.loc.gov/standards/marcxml/schema/MARC21slim.xsd">
   <leader>00925njm 22002777a 4500</leader>
   <datafield ind2=" " ind1=" " tag="042">
      <subfield code="a">dc</subfield>
   </datafield>
   <datafield ind2=" " ind1=" " tag="720">
      <subfield code="a">Aguilera-Castells, Joan</subfield>
      <subfield code="e">author</subfield>
   </datafield>
   <datafield ind2=" " ind1=" " tag="720">
      <subfield code="a">Buscà, Bernat</subfield>
      <subfield code="e">author</subfield>
   </datafield>
   <datafield ind2=" " ind1=" " tag="720">
      <subfield code="a">Peña, Javier</subfield>
      <subfield code="e">author</subfield>
   </datafield>
   <datafield ind2=" " ind1=" " tag="720">
      <subfield code="a">Fort-Vanmeerhaeghe, Azahara</subfield>
      <subfield code="e">author</subfield>
   </datafield>
   <datafield ind2=" " ind1=" " tag="720">
      <subfield code="a">Solana-Tramunt, Mònica</subfield>
      <subfield code="e">author</subfield>
   </datafield>
   <datafield ind2=" " ind1=" " tag="720">
      <subfield code="a">Morales, Jose</subfield>
      <subfield code="e">author</subfield>
   </datafield>
   <datafield ind2=" " ind1=" " tag="260">
      <subfield code="c">2019</subfield>
   </datafield>
   <datafield ind2=" " ind1=" " tag="520">
      <subfield code="a">The forces exerted on a suspension device have been examined in the upper body exercises such as&#xd;
push-ups or inverted row. However, there is a lack of evidence with regard to the effects of a suspension device on&#xd;
force production in lower limb exercises. For this reason, this aim of this study was to determine the effects of body&#xd;
position, contraction patterns and pace on force production by the lower limb during the execution of suspended&#xd;
lunge exercises. Ten physically active male university students (n = 10, age = 23.70±2.83 years old) performed&#xd;
sixteen suspended lunges in four different positions and at three different paces (60, 70, and 80 beats per minute).&#xd;
A load cell was used to assess the forces exerted on the suspension device. Force data were analysed with factorial&#xd;
repeated measurements (ANOVA). Significant main effects for position in concentric force (p= .000), average force&#xd;
(p= .002), and for frequency in peak force (p= .004) were found. Peak force was significantly higher in all positions&#xd;
for dynamic contraction type than for isometric suspended lunge. In conclusion, a greater distance of the feet,&#xd;
frequencies around 70 beats per minute and the dynamic contraction type all contributed to enhancing the forces&#xd;
exerted on the suspension strap in the performance of the lunge exercise.</subfield>
   </datafield>
   <datafield ind2=" " ind1=" " tag="520">
      <subfield code="a">Les forces exercides sobre un dispositiu de suspensió han estat examinades en exercicis com les flexions&#xd;
de braços o el rem invertit. No obstant això, hi ha una manca d’evidències investigant l’efecte dels dispositius de&#xd;
suspensió sobre la producció de força a l’extremitat inferior. Per aquesta raó, l’objectiu de l’estudi va ser determinar&#xd;
els efectes de la posició corporal, els règims de contracció i la velocitat d’execució sobre la producció de força de&#xd;
l’extremitat inferior durant l’exercici del lunge en suspensió. Es van reclutar joves universitaris físicament actius&#xd;
(n= 10, edat = 23.70±2.83 anys) per fer setze lunges en suspensió en quatre posicions i tres ritmes diferents (60,&#xd;
70, i 80 batecs per minut). Es va utilitzar una cèl·lula de força per valorar les forces exercides sobre el dispositiu&#xd;
de suspensió. Les dades de força es van analitzar amb l’ANOVA factorial de mesures repetides. Es va obtenir un&#xd;
efecte principal per la posició en la força concèntrica (p= .000), força mitjana (p= .002), i per la freqüència en el&#xd;
pic de força (p= .004). El pic de força va ser significativament més alt durant la contracció dinàmic en comparació&#xd;
amb la isomètrica en totes les posicions. Les posicions amb amplituds més grans entre cames, freqüències al voltant dels 70 batecs per minut i el règim de contracció dinàmic milloren les forces exercides sobre el dispositiu de&#xd;
suspensió en l’exercici de lunge.</subfield>
   </datafield>
   <datafield ind1="8" ind2=" " tag="024">
      <subfield code="a">http://hdl.handle.net/20.500.14342/2177</subfield>
   </datafield>
   <datafield ind1="8" ind2=" " tag="024">
      <subfield code="a">https://doi.org/10.51698/aloma.2019.37.1.57-64</subfield>
   </datafield>
   <datafield tag="653" ind2=" " ind1=" ">
      <subfield code="a">Lunge</subfield>
   </datafield>
   <datafield tag="653" ind2=" " ind1=" ">
      <subfield code="a">Entrenament en suspensió</subfield>
   </datafield>
   <datafield tag="653" ind2=" " ind1=" ">
      <subfield code="a">Entrenament de la força</subfield>
   </datafield>
   <datafield ind2="0" ind1="0" tag="245">
      <subfield code="a">Suspended lunge exercise: assessment of forces in different positions and paces</subfield>
   </datafield>
</record></metadata></record></GetRecord></OAI-PMH>